000 00887nam a2200361Ia 4500
005 20260514124404.0
008 008 261405s9999 xx 000 0 eng d
037 _aThesis
040 _aCRL
040 _beng
040 _cCRL
041 _2eng
041 _aeng
084 _qCRL
100 _aDr.Dinesh Kumar
245 0 _aStudy of Markers of Acute Phase Reactants as Predictors of Infection in Acute Stroke.
260 _aDelhi
260 _bUniversity of Delhi
260 _c2016
300 _a112p.
502 _bPh.D.
502 _cUniversity of Delhi
502 _d2016
541 _oThesis
650 _aMedicine
700 _aDr.Atul Goel,
_91239767
700 _aDr.Charoo Hans,
_91239768
700 _aDr.Sunita Sharma
_91239655
700 _aDr.U.C.Garga
_91239769
710 _aMedicine
942 _cTH
999 _c1851792
_d1851792